[Event "Gyor Amateur op 22nd"]
[Site "Gyor"]
[Date "2023.03.05"]
[Round "7"]
[White "Klenko, Adam"]
[Black "Pergel, Bence"]
[Result "1-0"]
[WhiteElo "1528"]
[BlackElo "1193"]
[PlyCount "77"]
[EventDate "2023.03.04"]
[EventType "swiss"]
[EventRounds "7"]
[EventCountry "HUN"]
[SourceTitle "EXT 2024"]
[Source "ChessBase"]
[SourceDate "2023.10.10"]
[SourceVersion "1"]
[SourceVersionDate "2023.10.10"]
[SourceQuality "1"]

1. c4 e5 2. Nc3 Nf6 3. e3 Bb4 4. a3 Bc5 5. b4 Be7 6. d4 d6 7. Nf3 Nbd7 8. Be2 0-0 9. 0-0 b6 10. Bb2 Bb7 11. dxe5 dxe5 12. Nd5 e4 13. Nxe7+ Qxe7 14. Nd4 Rad8 15. Qc2 a6 16. b5 a5 17. a4 Nc5 18. Ba3 Nfd7 19. Rad1 Rfe8 20. Rd2 Qg5 21. Bxc5 Nxc5 22. Rfd1 h6 23. Nb3 Nxb3 24. Qxb3 Rxd2 25. Rxd2 Rd8 26. Rd4 Qf6 27. Qd1 Rd6 28. Qd2 Kf8 29. c5 bxc5 30. Rxd6 cxd6 31. Qxa5 d5 32. Qc7 Qe7 33. Qb8+ Qe8 34. Qxb7 d4 35. exd4 cxd4 36. f3 d3 37. Qxe4 Qxe4 38. fxe4 dxe2 39. Kf2 1-0